000
00294 a2200157 4500
001
174402
020
_a
040
_c
Magnum
100
_a
Baptista, Ivan
240
1
0
_a
O saco
_l
por
245
1
0
_a
O saco
362
0
_a
1899
440
1
_a
Nova Fronteira
697
_a
I/GERAL
942
_c
BK
999
_c
174402
_d
174402